Vaidik vangmay ke alok mem samskar - meemamsa/ (Record no. 62953)

000 -LEADER
fixed length control field 00425nam a22001577a 4500
020 ## - INTERNATIONAL STANDARD BOOK NUMBER
ISBN 978-93-80634-14-2
082 ## - DEWEY DECIMAL CLASSIFICATION NUMBER
Classification number S 294.592 1
Item number RAM/V
100 ## - MAIN ENTRY--AUTHOR NAME
Personal name Ramasanker Tripadi
245 ## - TITLE STATEMENT
Title Vaidik vangmay ke alok mem samskar - meemamsa/
Statement of responsibility, etc by Ramasanker Tripadi
260 ## - PUBLICATION, DISTRIBUTION, ETC. (IMPRINT)
Place of publication Ilahabad:
Name of publisher Akshayavat Prakasan,
Year of publication 2016.
300 ## - PHYSICAL DESCRIPTION
Number of Pages 976p.
650 ## - SUBJECT ADDED ENTRY--TOPICAL TERM
Topical Term Vedic Literature
650 ## - SUBJECT ADDED ENTRY--TOPICAL TERM
Topical Term Hinduism
650 ## - SUBJECT ADDED ENTRY--TOPICAL TERM
Topical Term Religion
942 ## - ADDED ENTRY ELEMENTS (KOHA)
Koha item type Book
Holdings
Withdrawn status Lost status Damaged status Not for loan Permanent Location Current Location Shelving location Date acquired Full call number Accession Number Price effective from Koha item type
        Sree Sankaracharya University of Sanskrit Sree Sankaracharya University of Sanskrit Stacks 20.10.2016 S 294.5921 RAM/V 082412 20.10.2016 Book